La Financiación de la política en Iberoamerica /
Gardado en:
| Autor Principal: | |
|---|---|
| Autor Corporativo: | |
| Outros autores: | |
| Formato: | Texto |
| Publicado: |
San José:
Instituto Interamericano de Derechos Humanos
|
| Materias: | |
| Etiquetas: |
Engadir etiqueta
Sen Etiquetas, Sexa o primeiro en etiquetar este rexistro!
|
MARC
| LEADER | 00000 a a2200000 04500 | ||
|---|---|---|---|
| 001 | 31201 | ||
| 003 | |||
| 040 | |||
| 020 | |a 9968-778-21-4 | ||
| 090 | |a 196104 | ||
| 100 | |a Castillo, Pilar del | ||
| 110 | |a Instituto Interamericano de Derechos Humanos | ||
| 245 | |a La Financiación de la política en Iberoamerica / |c Pilar del Castillo | ||
| 260 | |a San José: |b Instituto Interamericano de Derechos Humanos | ||
| 300 | |a 736 p. | ||
| 650 | |a FINANCIAMIENTO DE LA POLITICA | ||
| 650 | |a PARTIDOS POLITICOS | ||
| 650 | |a LEGISLACION | ||
| 650 | |a GUATEMALA | ||
| 700 | |a edit. |a Zovatto G., Daniel |a edit. | ||
| 999 | |c 6175 |d 6175 | ||



